LEADER 00834nam a2200193 i 4500 001 000000132359 003 CaOOAMICUS 005 20041207000000.0 008 041207s1937 it u000 u ita u 013 $a105316 040 $aSeMil$bita 245 10$aPubblicazioni della Biblioteca Apostolica Vaticana. 260 $aCittà del Vaticano :$bBiblioteca Apostolica Vaticana,$c1937. 300 $a188 p. ;$c21 cm. 650 4$aCittà del Vaticano - Biblioteca Apostolica Vaticana - Cataloghi.$0(OLS)http://semarc/subject/22844 850 $aSeMil 852 $aSeMil$W1$xVenegono$y1$m3Y I 68$j259010$B86276$CSeMilBibl$Z2$F90042 $81 996 $6245$aPubblicazioni della Biblioteca Apostolica Vaticana$9(OLS)http://semarc/title/194444 996 $6260$aCittà del Vaticano :$bBiblioteca Apostolica Vaticana$9(OLS)http://semarc/publisher/29667 LEADER 01324nam a2200301 i 4500 001 000000118636 003 CaOOAMICUS 005 20210825102653.0 008 031006s1993 it u000 u ita u 013 $a91329 020 $a88-311-4230-5 040 $aSeMil$bita 110 0 $aCentro Romano di Studi Povediani.$0(OLS)http://semarc/name/49513 245 10$aPietro Poveda, essere Chiesa :$bprofilo biografico e scritti scelti /$cCentro Romano di Studi Povediani. 250 $a2. ed. riveduta e ampliata. 264 1$aRoma :$bCittà Nuova,$c1993. 300 $a189 p., [4] p. di tav. ;$c20 cm. 541 0 $aFondo card. C.M. Martini (3H I 75) 600 14$aPoveda Castroverde, Pedro .$0(OLS)http://semarc/subject/16102 700 1 $aPoveda Castroverde, Pedro,$c.$0(OLS)http://semarc/name/49512 850 $aSeMil 852 $aSeMil$W1$xVenegono$y1$m3H I 75$j73930$B73930$CSeMilBibl$Z2$F90645 $81 941 1 $a4 961 $aOmaggio: Martini Card. Carlo Maria 996 $6020$a88-311-4230-5$9(OLS)http://semarc/number/103310 996 $6245$aPietro Poveda, essere Chiesa :$bprofilo biografico e scritti scelti$9(OLS)http://semarc/title/174299 996 $6264$aRoma :$bCittà Nuova$9(OLS)http://semarc/publisher/29609